Heredarás la tierra /

Đã lưu trong:
Chi tiết về thư mục
Tác giả chính: Smiley, Jane (autor)
Định dạng: Sách
Ngôn ngữ:Tiếng Tây Ban Nha
Được phát hành: Madrid, España : Sexto Piso, 2023, c2023
Phiên bản:2a edición
Loạt:(Narrativa Sexto Piso)
Những chủ đề:
Các nhãn: Thêm thẻ
Không có thẻ, Là người đầu tiên thẻ bản ghi này!

MARC

LEADER 00000nam^a2200000^a^4500
001 000577386
005 20250521000000.0
009 20260310132447.978
020 |a 978-84-19261-46-5 
037 |a Acervo ITESO - Biblioteca 
041 |a ESP 
082 |a 813.  |b SMI 
100 |a Smiley, Jane  |e (autor) 
240 1 1 |a [Heredarás la tierra] 
245 1 0 |a Heredarás la tierra /  |c J. Smiley ; tr. por Inga Pellisa. 
250 |a 2a edición 
264 4 |a Madrid, España :  |b Sexto Piso,  |c 2023, c2023 
300 |a 470 p. 
336 |a texto  |b txt  |2 rdacontenido 
337 |a sin mediación  |b n  |2 rdamedio 
338 |a volumen  |b nc  |2 rdasoporte 
440 1 |a (Narrativa Sexto Piso) 
500 |a Traducción de: A Thousand Acres 
586 |a Premio Pulitzer 1992, categoría Ficción 
649 |a XX 
650 |a Novela Norteamericana 
650 |a Literatura de Mujeres -  |z EUA 
650 |a Literatura Norteamericana -  |y Siglo XX 
650 |a Abuso Sexual Infantil en la Literatura 
650 |a Incesto en la Literatura 
650 |a Herencia y Sucesión en la Literatura 
650 |a Granjas y Ranchos en la Literatura 
650 |a Iowa, EUA en la Literatura 
910 |a Fondo General 
920 |a Impresos - Libros 
930 |a Colección General 
940 |a Literatura 
905 |a 101 
901 |a 0500406247  |b IT1  |c LIT  |i C185238  |u 20250521 
902 |a https://opac.biblio.iteso.mx/vufind/Record/000577386